000 00860cgm a2200253 4500
001 B3024
008 090401t1989 xxu||||| |||| 00| 0 eng d
035 _a(Sirsi) u53609
041 _aeng
050 _a333.33094
100 _aDarlow, Clive
245 _a1992 and the property industry (sound recording)
260 _aLondon
_bRoyal Institution of Chartered Surveyors
_c1989
300 _a1 sound cassete (60 min.)
350 _a10
490 _aOwlion Audio Programme
520 _aPublished jointly with the College of Estate Management . An introduction to the Single European Economic MArket in 1992 and a review of its effect on the property industry and associated professions.
650 _aAUDIO CASSETTES
650 _aEUROPEAN COMMUNITY
650 _aPROPERTY MARKET
650 _aSINGLE MARKET
942 _n0
948 _c04/03/1997
999 _c85259
_d85259